000 00673nam a2200181Ia 4500
008 151202s9999||||xx |||||||||||||| ||und||
082 _bPNVM-82382
100 _aअग्रवाल विजय.
245 _aयोग्य निर्णय कसे घ्यावे.
260 _b"मिरर पब्लिशिंग,पुणे."
260 _c2013
300 _a176
600 _aअग्रवाल विजय.
630 _aयोग्य निर्णय कसे घ्यावे.
700 _aअग्रवाल विजय.
730 _aयोग्य निर्णय कसे घ्यावे.
942 _cBOOK
999 _c1346990
_d1346987